[Event "24th Klatovy B 2016"]
[Site "Klatovy CZE"]
[Date "2016.07.02"]
[Round "1.1"]
[White "Kotva, Milan"]
[Black "Vartazaryan, Gor"]
[Result "1-0"]
[WhiteElo "1998"]
[BlackElo "1620"]
[PlyCount "83"]
[EventDate "2016.07.02"]
[EventType "swiss"]
[EventRounds "9"]
[EventCountry "CZE"]

1. e4 c5 2. c3 d5 3. exd5 Qxd5 4. Nf3 Nc6 5. Na3 Nf6 6. Bc4 Qe4+ 7. Be2 Bg4 8. O-O O-O-O 9. Re1 e6 10. d3 Qg6 11. Nc4 Bd6 12. Nxd6+ Rxd6 13. Qb3 Rhd8 14. Be3 Qf5 15. d4 cxd4 16. cxd4 Nd5 17. Rac1 Kb8 18. Bd3 Qh5 19. Nd2 Nxe3 20. fxe3 Qg5 21. Ne4 Qd5 22. Nxd6 Qxb3 23. axb3 Rxd6 24. Rc5 e5 25. d5 Ne7 26. e4 Ng8 27. Rec1 a6 28. b4 Nf6 29. b5 axb5 30. Rxb5 Nd7 31. Rc6 Rf6 32. Rxf6 Nxf6 33. d6 Nd7 34. Bc4 f6 35. h3 Bh5 36. Bd5 b6 37. Bc6 Be8 38. Bxd7 Bxd7 39. Rxb6+ Kc8 40. Kf2 Be6 41. Ke3 Kd7 42. Rb7+ 1-0

[Event "24th Klatovy B 2016"]
[Site "Klatovy CZE"]
[Date "2016.07.02"]
[Round "1.2"]
[White "Vasko, Pavel"]
[Black "Kovar, Petr2"]
[Result "0-1"]
[WhiteElo "1619"]
[BlackElo "1980"]
[PlyCount "82"]
[EventDate "2016.07.02"]
[EventType "swiss"]
[EventRounds "9"]
[EventCountry "CZE"]

1. e4 c5 2. Nf3 d6 3. c4 Nc6 4. Nc3 g6 5. d3 Bg7 6. Bd2 Nf6 7. Be2 O-O 8. O-O h6 9. a3 e6 10. Qc2 d5 11. exd5 exd5 12. Rad1 Bg4 13. h3 Bxf3 14. Bxf3 Nd4 15. Qc1 Nxf3+ 16. gxf3 Kh7 17. Bf4 Qd7 18. Kg2 d4 19. Ne2 Ng8 20. Bg3 Ne7 21. Qf4 Nf5 22. Ng1 Rac8 23. Rfe1 h5 24. Qd2 Bh6 25. Qc2 Qd8 26. Re4 Ng7 27. Rde1 f5 28. Re7 f4 29. Bh2 Re8 30. Rxe8 Qg5+ 31. Kh1 Nxe8 32. Qa4 Ng7 33. Qd7 Rc6 34. Re7 Rb6 35. Rf7 Qe5 36. Re7 Qb8 37. Re2 Rb3 38. Rd2 Qe5 39. Re2 Qf5 40. Qxf5 Nxf5 41. Rd2 Nh4 0-1

[Event "24th Klatovy B 2016"]
[Site "Klatovy CZE"]
[Date "2016.07.02"]
[Round "1.3"]
[White "Zednik, Zdenek"]
[Black "Nemec, Frantisek 1985"]
[Result "1-0"]
[WhiteElo "1966"]
[BlackElo "1614"]
[PlyCount "51"]
[EventDate "2016.07.02"]
[EventType "swiss"]
[EventRounds "9"]
[EventCountry "CZE"]

1. b4 Nf6 2. Bb2 e6 3. a3 b6 4. Nf3 Bb7 5. e3 Be7 6. c4 c5 7. b5 d5 8. Be2 dxc4 9. Bxc4 O-O 10. O-O Nbd7 11. Qe2 Qc7 12. d3 Rad8 13. Nbd2 Bd6 14. h3 Ne5 15. Rac1 Nxd3 16. Bxd3 Bxf3 17. Nxf3 Be7 18. Rfd1 Nd5 19. Be4 Bf6 20. Bxd5 Bxb2 21. Qxb2 exd5 22. Ne5 Rfe8 23. Nc6 Rd6 24. Qe2 Re4 25. Qf3 Qd7 26. Rxd5 1-0

[Event "24th Klatovy B 2016"]
[Site "Klatovy CZE"]
[Date "2016.07.02"]
[Round "1.4"]
[White "Sedlacek, Pavel"]
[Black "Vachal, Josef1"]
[Result "1/2-1/2"]
[WhiteElo "1612"]
[BlackElo "1957"]
[PlyCount "77"]
[EventDate "2016.07.02"]
[EventType "swiss"]
[EventRounds "9"]
[EventCountry "CZE"]

1. c4 Nf6 2. Nc3 g6 3. g3 Bg7 4. Bg2 O-O 5. Nf3 Re8 6. O-O e5 7. e4 d6 8. d3 h6 9. Bd2 c6 10. Re1 Be6 11. Rc1 Na6 12. Qe2 Qd7 13. a3 Bg4 14. b4 Nc7 15. Qd1 Rad8 16. Be3 b6 17. Qc2 Ne6 18. Ne2 Nh7 19. Qd2 g5 20. d4 exd4 21. Nfxd4 Nxd4 22. Bxd4 Nf6 23. Nc3 Qe6 24. f3 Bh3 25. Qe2 Bxg2 26. Kxg2 d5 27. exd5 cxd5 28. cxd5 Qxe2+ 29. Rxe2 Rxe2+ 30. Nxe2 Nxd5 31. Bxg7 Kxg7 32. Kf2 Rd7 33. Rd1 Nf6 34. Rxd7 Nxd7 35. b5 Nc5 36. Nd4 a6 37. bxa6 Nxa6 38. Nb3 Kf6 39. Ke3 1/2-1/2

[Event "24th Klatovy B 2016"]
[Site "Klatovy CZE"]
[Date "2016.07.02"]
[Round "1.5"]
[White "Jirasek, Jiri"]
[Black "Krisman, Ondrej"]
[Result "1-0"]
[WhiteElo "1881"]
[BlackElo "1608"]
[PlyCount "55"]
[EventDate "2016.07.02"]
[EventType "swiss"]
[EventRounds "9"]
[EventCountry "CZE"]

1. d4 d5 2. c4 e6 3. Nc3 Nf6 4. Nf3 c6 5. e3 Be7 6. Bd3 O-O 7. O-O Nbd7 8. Qe2 Qc7 9. Rd1 dxc4 10. Bxc4 b5 11. Bd3 a6 12. Bd2 c5 13. Rac1 c4 14. Bb1 Bb7 15. a3 e5 16. e4 exd4 17. Nxd4 Ne5 18. Nf5 Bc5 19. h3 Rad8 20. Bf4 Rxd1+ 21. Rxd1 Re8 22. Nd5 Nxd5 23. exd5 Bd6 24. Kh1 Qd7 25. Bxe5 Rxe5 26. Qg4 Kf8 27. Qxg7+ Ke8 28. Qh8+ 1-0

[Event "24th Klatovy B 2016"]
[Site "Klatovy CZE"]
[Date "2016.07.02"]
[Round "1.6"]
[White "Novy, Jan"]
[Black "Simacek, Vaclav"]
[Result "0-1"]
[WhiteElo "1606"]
[BlackElo "1876"]
[PlyCount "118"]
[EventDate "2016.07.02"]
[EventType "swiss"]
[EventRounds "9"]
[EventCountry "CZE"]

1. e4 Nc6 2. Bc4 Nf6 3. d3 Na5 4. Bb3 Nxb3 5. axb3 e5 6. Nc3 Bb4 7. Nf3 O-O 8. O-O Bxc3 9. bxc3 d5 10. exd5 Qxd5 11. h3 e4 12. c4 Qh5 13. Nh2 Qg6 14. Kh1 exd3 15. cxd3 Bf5 16. d4 Bc2 17. Qf3 Be4 18. Qg3 Qxg3 19. fxg3 Nh5 20. Bf4 Nxf4 21. Rxf4 Bc2 22. Ra3 Rfe8 23. Nf3 Re3 24. Ne5 f6 25. Nd7 Rxg3 26. Nc5 b6 27. Ne6 Rxb3 28. Ra6 Re3 29. Nxc7 Rc8 30. Nd5 Re1+ 31. Kh2 Rxc4 32. Rxa7 Re4 33. Rf3 Rexd4 34. Ne7+ Kf8 35. Rg3 Bg6 36. Nf5 Bxf5 37. Rgxg7 Bg6 38. Rgb7 Rc8 39. Rxb6 f5 40. Rf6+ Kg8 41. Kg3 Rd3+ 42. Kh2 Rcd8 43. Ra2 Kg7 44. Re6 Rd2 45. Rxd2 Rxd2 46. Re3 Kf6 47. Kg3 Kg5 48. Rf3 Rc2 49. Rf2 Rc3+ 50. Kh2 f4 51. Re2 Re3 52. Rf2 Be4 53. Kg1 h5 54. Kh2 f3 55. g3 Re2 56. Kg1 Rxf2 57. Kxf2 h4 58. g4 Kf4 59. Kg1 Kg3 0-1

[Event "24th Klatovy B 2016"]
[Site "Klatovy CZE"]
[Date "2016.07.02"]
[Round "1.7"]
[White "Kastner, Jan"]
[Black "Rimovsky, Pavel"]
[Result "1-0"]
[WhiteElo "1875"]
[BlackElo "1593"]
[PlyCount "47"]
[EventDate "2016.07.02"]
[EventType "swiss"]
[EventRounds "9"]
[EventCountry "CZE"]

1. d4 Nf6 2. Nf3 d6 3. Bg5 Nbd7 4. e3 g6 5. Nbd2 c6 6. Bd3 Bg7 7. c3 O-O 8. Qc2 b6 9. h4 h5 10. Nh2 Nh7 11. g4 Ndf6 12. gxh5 Nxh5 13. O-O-O f5 14. Rhg1 Kf7 15. Nhf3 Qc7 16. e4 e6 17. exf5 exf5 18. Rde1 Be6 19. Nb3 a5 20. d5 cxd5 21. Nfd4 Bxd4 22. Nxd4 Nxg5 23. Rxg5 Ng7 24. Reg1 1-0

[Event "24th Klatovy B 2016"]
[Site "Klatovy CZE"]
[Date "2016.07.02"]
[Round "1.8"]
[White "Soukup, Jiri1"]
[Black "Mejzr, Jan"]
[Result "0-1"]
[WhiteElo "1591"]
[BlackElo "1853"]
[PlyCount "48"]
[EventDate "2016.07.02"]
[EventType "swiss"]
[EventRounds "9"]
[EventCountry "CZE"]

1. e4 c5 2. Nf3 g6 3. d4 cxd4 4. Nxd4 Bg7 5. Be3 Nf6 6. Nc3 d6 7. Be2 a6 8. O-O b5 9. a3 Bb7 10. Bf3 Qc8 11. h3 Nbd7 12. Re1 O-O 13. Qc1 Ne5 14. Bh6 Qc4 15. Bxg7 Kxg7 16. Qe3 Nxf3+ 17. Nxf3 Rac8 18. e5 dxe5 19. Nxe5 Qh4 20. Nf3 Qh5 21. Nd4 e6 22. Qf4 Rc5 23. Rxe6 Nd5 24. Nxd5 Qxd5 0-1

[Event "24th Klatovy B 2016"]
[Site "Klatovy CZE"]
[Date "2016.07.02"]
[Round "1.9"]
[White "Micka, Norbert"]
[Black "Kudrna, Miroslav"]
[Result "1-0"]
[WhiteElo "1848"]
[BlackElo "1580"]
[PlyCount "47"]
[EventDate "2016.07.02"]
[EventType "swiss"]
[EventRounds "9"]
[EventCountry "CZE"]

1. Nf3 d5 2. d4 Nf6 3. c4 e6 4. g3 Be7 5. Bg2 O-O 6. O-O b6 7. Nc3 Bb7 8. Ne5 Nbd7 9. Bf4 c5 10. cxd5 Nxd5 11. Nxd5 Bxd5 12. Bxd5 exd5 13. Nc6 Qe8 14. dxc5 Bxc5 15. Qxd5 Nf6 16. Qf3 Ne4 17. Ne5 Nxf2 18. Rxf2 Bxf2+ 19. Kxf2 Qb5 20. Nd3 Rac8 21. Rc1 h6 22. Rxc8 Rxc8 23. Be5 g6 24. Qf6 1-0

[Event "24th Klatovy B 2016"]
[Site "Klatovy CZE"]
[Date "2016.07.02"]
[Round "1.10"]
[White "Repa, Vaclav"]
[Black "Zamorsky, Ladislav"]
[Result "0-1"]
[WhiteElo "1577"]
[BlackElo "1840"]
[PlyCount "116"]
[EventDate "2016.07.02"]
[EventType "swiss"]
[EventRounds "9"]
[EventCountry "CZE"]

1. c4 Nf6 2. Nc3 g6 3. e4 d6 4. b4 a5 5. b5 Bg7 6. d4 O-O 7. Rb1 c5 8. d5 Ng4 9. Qc2 Bd4 10. Nh3 Nd7 11. Ne2 Bg7 12. f3 Nge5 13. Ng3 Nb6 14. Nf2 e6 15. f4 Ned7 16. Be2 exd5 17. exd5 Nf6 18. O-O h5 19. Bd3 Ng4 20. Bb2 Ne3 21. Qd2 Nxf1 22. Rxf1 f5 23. Nh3 Bxb2 24. Qxb2 Qf6 25. Qxf6 Rxf6 26. Re1 Bd7 27. Ng5 Re8 28. Rxe8+ Bxe8 29. Ne6 Bd7 30. Ng5 Rf8 31. Kf2 Re8 32. Nf1 Na4 33. Ne3 Nc3 34. a3 Ne4+ 35. Bxe4 fxe4 36. h4 a4 37. g3 Re7 38. Ke2 Kf8 39. Kd2 Ke8 40. Ke2 Kd8 41. Kd2 Kc7 42. Nd1 Kb6 43. Ke3 Bxb5 44. cxb5 Kxb5 45. Nc3+ Kc4 46. Nxa4 Kxd5 47. Nb6+ Kc6 48. Na4 d5 49. Nb2 d4+ 50. Kd2 b5 51. a4 c4 52. axb5+ Kxb5 53. Nd1 Kb4 54. Kc2 e3 55. Nf3 d3+ 56. Kc1 c3 57. Ne5 Rxe5 58. fxe5 e2 0-1

[Event "24th Klatovy B 2016"]
[Site "Klatovy CZE"]
[Date "2016.07.02"]
[Round "1.11"]
[White "Cizek, Ondrej"]
[Black "Kotal, Petr"]
[Result "1-0"]
[WhiteElo "1826"]
[BlackElo "1558"]
[PlyCount "55"]
[EventDate "2016.07.02"]
[EventType "swiss"]
[EventRounds "9"]
[EventCountry "CZE"]

1. e4 e5 2. Nf3 Nf6 3. Nc3 Bb4 4. d3 d5 5. Bd2 d4 6. Nb1 Bxd2+ 7. Nbxd2 Nc6 8. Nc4 Bg4 9. Be2 Nd7 10. Nxd4 Nxd4 11. Bxg4 Qg5 12. Ne3 O-O-O 13. O-O h5 14. Bh3 Kb8 15. Nf5 Qf6 16. Nxd4 exd4 17. f4 g5 18. fxg5 Qxg5 19. Rxf7 Ne5 20. Rf5 Qe3+ 21. Kh1 Ng4 22. Bxg4 hxg4 23. Qxg4 Rdg8 24. Qf3 Qh6 25. h3 Qb6 26. Rf1 a6 27. b3 Ka7 28. Rh5 1-0

[Event "24th Klatovy B 2016"]
[Site "Klatovy CZE"]
[Date "2016.07.02"]
[Round "1.12"]
[White "Kopal, Vladimir"]
[Black "Lener, Jaroslav 1975"]
[Result "0-1"]
[WhiteElo "1550"]
[BlackElo "1820"]
[PlyCount "102"]
[EventDate "2016.07.02"]
[EventType "swiss"]
[EventRounds "9"]
[EventCountry "CZE"]

1. e4 b6 2. Nc3 Bb7 3. Bc4 e5 4. Nf3 d6 5. d4 exd4 6. Nxd4 Nf6 7. Qe2 a6 8. Bg5 Be7 9. O-O-O O-O 10. f4 b5 11. Bb3 c5 12. Bxf6 Bxf6 13. e5 cxd4 14. exf6 dxc3 15. fxg7 cxb2+ 16. Kb1 Re8 17. Qh5 d5 18. Rd3 Qf6 19. Rh3 Qg6 20. Qh4 Nd7 21. Rf1 f5 22. Rg3 Qf7 23. Kxb2 Re6 24. Kb1 Rae8 25. Rd3 Nf6 26. Rh3 Re3 27. Rxe3 Rxe3 28. Qf2 Qe7 29. h3 a5 30. a4 bxa4 31. Bxa4 Ba6 32. Rd1 Qb4+ 33. Bb3 Re2 34. Qd4 Qxd4 35. Rxd4 Rxg2 36. Bxd5+ Nxd5 37. Rxd5 Rg1+ 38. Kb2 Kxg7 39. Rxf5 Bc8 40. Rxa5 Bxh3 41. Ra7+ Kg6 42. Ra1 Kh5 43. Ra5+ Kh4 44. f5 Kg5 45. c4 Bxf5 46. Ra7 Kf4 47. c5 Rg8 48. Kc3 h5 49. c6 Rc8 50. Ra4+ Be4 51. Rc4 Rxc6 0-1

[Event "24th Klatovy B 2016"]
[Site "Klatovy CZE"]
[Date "2016.07.02"]
[Round "1.13"]
[White "Perik, Alois"]
[Black "Jedlicka, Pavel"]
[Result "1-0"]
[WhiteElo "1807"]
[BlackElo "1548"]
[PlyCount "113"]
[EventDate "2016.07.02"]
[EventType "swiss"]
[EventRounds "9"]
[EventCountry "CZE"]

1. c4 Nf6 2. Nc3 c6 3. e4 d6 4. Nf3 Bg4 5. h3 Bh5 6. Be2 e5 7. O-O Nbd7 8. d3 Be7 9. Be3 Bxf3 10. Bxf3 Nf8 11. Bg4 h5 12. Be2 Ne6 13. d4 exd4 14. Bxd4 Qc7 15. Bxf6 Bxf6 16. Bxh5 Bxc3 17. bxc3 Qa5 18. Bg4 O-O-O 19. Qb3 Kc7 20. Bxe6 fxe6 21. Rab1 b6 22. Qc2 g5 23. Rb4 Qc5 24. Qd3 a5 25. Rb2 g4 26. Qd4 Qxd4 27. cxd4 gxh3 28. g3 Rdg8 29. Rfb1 Rb8 30. Kh2 Rh5 31. a4 c5 32. d5 Re5 33. f3 exd5 34. cxd5 Rh5 35. g4 Rh7 36. Kg3 Kc8 37. Rh1 b5 38. axb5 Kc7 39. g5 h2 40. f4 Kb6 41. g6 Rg8 42. f5 a4 43. Kf4 Rh4+ 44. Kg5 Rxe4 45. Kf6 Rf8+ 46. Kg5 Re5 47. Rf2 Rxd5 48. g7 Rg8 49. Kg6 Re5 50. f6 Re3 51. Kh7 Ra8 52. Rhxh2 a3 53. f7 a2 54. Rxa2 Rxa2 55. Rxa2 Rh3+ 56. Kg8 Rf3 57. f8=Q 1-0

[Event "24th Klatovy B 2016"]
[Site "Klatovy CZE"]
[Date "2016.07.02"]
[Round "1.14"]
[White "Rychtecky, Pavel"]
[Black "Cyron, Karel"]
[Result "1/2-1/2"]
[WhiteElo "1546"]
[BlackElo "1802"]
[PlyCount "89"]
[EventDate "2016.07.02"]
[EventType "swiss"]
[EventRounds "9"]
[EventCountry "CZE"]

1. e4 Nf6 2. e5 Nd5 3. d4 d6 4. Nf3 Bg4 5. Be2 e6 6. O-O Be7 7. c4 Nb6 8. b3 O-O 9. Nc3 d5 10. c5 N6d7 11. h3 Bh5 12. Nh2 Bg6 13. f4 c6 14. Be3 b6 15. b4 bxc5 16. dxc5 f6 17. Bd4 fxe5 18. fxe5 Rxf1+ 19. Qxf1 a5 20. a3 Qc7 21. Nf3 Qa7 22. Ra2 Qb7 23. Rb2 Nxc5 24. Nxd5 cxd5 25. bxc5 Qc7 26. Qc1 Nd7 27. Rb5 Rc8 28. Qc3 Bxc5 29. Bxc5 Nxc5 30. Qxa5 Nd3 31. Qxc7 Rxc7 32. Rb8+ Kf7 33. Ng5+ Ke7 34. Bxd3 Bxd3 35. Rb6 Bf5 36. g4 Rc1+ 37. Kf2 Rc2+ 38. Ke1 Bd3 39. Rxe6+ Kf8 40. Rb6 Re2+ 41. Kd1 Rxe5 42. Rb8+ Ke7 43. Kd2 Bg6 44. Nf3 Re4 45. Rb7+ 1/2-1/2

[Event "24th Klatovy B 2016"]
[Site "Klatovy CZE"]
[Date "2016.07.02"]
[Round "1.15"]
[White "Rezac, Jindrich"]
[Black "Psaila, Uranchimeg"]
[Result "1-0"]
[WhiteElo "1799"]
[BlackElo "1546"]
[PlyCount "41"]
[EventDate "2016.07.02"]
[EventType "swiss"]
[EventRounds "9"]
[EventCountry "CZE"]

1. e4 e6 2. f4 d5 3. e5 c5 4. Nf3 Nc6 5. Nc3 Nge7 6. b3 Ng6 7. g3 Be7 8. Bg2 Bd7 9. O-O a6 10. a4 h5 11. h4 Qb6 12. Kh2 Qc7 13. Bb2 Bf8 14. Rc1 Nge7 15. Bh3 Ng8 16. Qe2 Nh6 17. Nd1 Be7 18. Ne3 f5 19. exf6 Bxf6 20. Bxf6 gxf6 21. Nxd5 1-0

[Event "24th Klatovy B 2016"]
[Site "Klatovy CZE"]
[Date "2016.07.02"]
[Round "1.16"]
[White "Palla, Ivan"]
[Black "Sprenar, Petr"]
[Result "0-1"]
[WhiteElo "1536"]
[BlackElo "1798"]
[PlyCount "93"]
[EventDate "2016.07.02"]
[EventType "swiss"]
[EventRounds "9"]
[EventCountry "CZE"]

1. b3 d5 2. Bb2 c5 3. e3 Nc6 4. Nf3 Bg4 5. Be2 Nf6 6. O-O e6 7. d3 Bd6 8. a3 O-O 9. Nbd2 Nd7 10. h3 Bh5 11. Nd4 Bxe2 12. Nxe2 f5 13. Nf4 Qe7 14. Qh5 Nf6 15. Qh4 e5 16. Nh5 Nxh5 17. Qxh5 Rf6 18. f4 Raf8 19. Qf3 Qe6 20. Qf2 Rh6 21. Kh2 Rff6 22. g3 Rf7 23. Rh1 Re7 24. Rae1 Qg6 25. Qg2 Qf7 26. Qf2 d4 27. Nc4 dxe3 28. Nxe3 exf4 29. gxf4 Qh5 30. Kg1 Rhe6 31. Kh2 Qh6 32. Rhf1 Qxf4+ 33. Qxf4 Bxf4+ 34. Rxf4 Rxe3 35. Rxe3 Rxe3 36. Rxf5 Re2+ 37. Kg3 Rxc2 38. Rf2 Rxf2 39. Kxf2 Kf7 40. Ke3 g5 41. Ke4 Ke6 42. Bc1 h6 43. h4 gxh4 44. Bxh6 h3 45. Bf4 b5 46. a4 b4 47. a5 0-1

[Event "24th Klatovy B 2016"]
[Site "Klatovy CZE"]
[Date "2016.07.02"]
[Round "1.17"]
[White "Parpel, Petr"]
[Black "May, David"]
[Result "1/2-1/2"]
[WhiteElo "1787"]
[BlackElo "1532"]
[PlyCount "67"]
[EventDate "2016.07.02"]
[EventType "swiss"]
[EventRounds "9"]
[EventCountry "CZE"]

1. d4 d5 2. c4 c6 3. Nc3 Nf6 4. e3 g6 5. Nf3 Bg7 6. cxd5 cxd5 7. Ne5 O-O 8. Bd3 Be6 9. O-O Nbd7 10. Nxd7 Bxd7 11. Bd2 a6 12. Rc1 b5 13. a3 Qb8 14. h3 Re8 15. f4 Kh8 16. Ne2 Bf5 17. Bxf5 gxf5 18. Ng3 e6 19. Ba5 Rc8 20. Qd2 Qd6 21. Rxc8+ Rxc8 22. Rc1 Rc4 23. Rxc4 bxc4 24. Qb4 Bf8 25. Qb7 Qd7 26. Qxd7 Nxd7 27. Ne2 Nb8 28. Nc3 Nc6 29. Bb6 Kg7 30. Kf2 Be7 31. Ke2 Kg6 32. Na4 Bd6 33. Nc5 Bxc5 34. Bxc5 1/2-1/2

[Event "24th Klatovy B 2016"]
[Site "Klatovy CZE"]
[Date "2016.07.02"]
[Round "1.18"]
[White "Flajsman, Petr"]
[Black "Berka, Lubos"]
[Result "0-1"]
[WhiteElo "1529"]
[BlackElo "1787"]
[PlyCount "97"]
[EventDate "2016.07.02"]
[EventType "swiss"]
[EventRounds "9"]
[EventCountry "CZE"]

1. g3 e5 2. Bg2 d5 3. d3 Nf6 4. Nd2 Be6 5. c3 c6 6. Ngf3 Nbd7 7. O-O h6 8. Qc2 Qc7 9. b3 Be7 10. Bb2 O-O 11. d4 e4 12. Ne1 Bg4 13. e3 Be2 14. Rc1 Bxf1 15. Bxf1 b5 16. c4 bxc4 17. bxc4 Qb7 18. c5 Rab8 19. Nb3 Bd8 20. Bc3 Bc7 21. Be2 Qa8 22. Ba6 Nh7 23. Kg2 Ng5 24. h4 Ne6 25. a3 f5 26. Bb4 g5 27. hxg5 hxg5 28. Qe2 Kg7 29. Nc2 Rh8 30. Rg1 Rh6 31. Kf1 Rbh8 32. Ne1 R8h7 33. Ng2 Qh8 34. Ke1 Rh1 35. Rxh1 Rxh1+ 36. Kd2 Qh2 37. Ne1 Qg1 38. Bc8 Rh2 39. Bxd7 Rxf2 40. Bxe6 Bxg3 41. Na1 f4 42. Qxf2 Qxf2+ 43. Kd1 f3 44. Nb3 Qe2+ 45. Kc1 f2 46. Bh3 fxe1=Q+ 47. Bxe1 Bxe1 48. Bd7 Qxe3+ 49. Kd1 0-1

[Event "24th Klatovy B 2016"]
[Site "Klatovy CZE"]
[Date "2016.07.02"]
[Round "1.19"]
[White "Bartos, Karel"]
[Black "Flajsman, Pavel"]
[Result "1/2-1/2"]
[WhiteElo "1784"]
[BlackElo "1522"]
[PlyCount "109"]
[EventDate "2016.07.02"]
[EventType "swiss"]
[EventRounds "9"]
[EventCountry "CZE"]

1. e4 c6 2. d4 d5 3. Nc3 dxe4 4. Nxe4 Nf6 5. Nxf6+ exf6 6. Nf3 Bf5 7. Bd3 Bxd3 8. Qxd3 Bd6 9. O-O O-O 10. Bd2 Nd7 11. c4 c5 12. d5 Qc7 13. Bc3 Rfe8 14. Rfe1 a6 15. a4 a5 16. g3 b6 17. Re2 Nf8 18. Rae1 Qd7 19. b3 Ng6 20. Kg2 Rxe2 21. Qxe2 Kf8 22. Nd2 Re8 23. Qxe8+ Qxe8 24. Rxe8+ Kxe8 25. f4 Ke7 26. Kf3 Bc7 27. Ke4 Bd6 28. Nf1 Nf8 29. Ne3 g6 30. Kf3 Nd7 31. Nd1 Bc7 32. Nf2 Bb8 33. Nd3 Bd6 34. h3 h6 35. g4 Nf8 36. Ke4 Nh7 37. Bd2 Bc7 38. f5 g5 39. Be1 Nf8 40. Kf3 Nd7 41. Bg3 Be5 42. Bxe5 Nxe5+ 43. Nxe5 fxe5 44. f6+ Kd7 45. Ke4 Kc7 46. Kf5 Kd6 47. Ke4 Kc7 48. Kxe5 Kd7 49. Ke4 Kd6 50. Kf5 Kc7 51. Ke5 Kd7 52. Ke4 Kd6 53. Kf5 Kc7 54. Ke5 Kd7 55. Kf5 1/2-1/2

[Event "24th Klatovy B 2016"]
[Site "Klatovy CZE"]
[Date "2016.07.02"]
[Round "1.20"]
[White "Kovar, Michal"]
[Black "Vavrinek, Tomas"]
[Result "1/2-1/2"]
[WhiteElo "1479"]
[BlackElo "1773"]
[PlyCount "94"]
[EventDate "2016.07.02"]
[EventType "swiss"]
[EventRounds "9"]
[EventCountry "CZE"]

1. e4 c5 2. Nf3 Nc6 3. d4 cxd4 4. Nxd4 Nf6 5. Nc3 e5 6. Ndb5 Bb4 7. Nd6+ Ke7 8. Nxc8+ Rxc8 9. Bd3 d5 10. O-O Bxc3 11. bxc3 dxe4 12. Bc4 Qa5 13. Qe1 Qc5 14. Qe2 Na5 15. Bb3 Nxb3 16. axb3 Qxc3 17. Rxa7 Rc7 18. Ba3+ Ke6 19. Qb5 e3 20. Qb6+ Rc6 21. Qxb7 exf2+ 22. Rxf2 Qa1+ 23. Rf1 Qd4+ 24. Kh1 Kd5 25. Qxf7+ Ke4 26. Ra4 Qxa4 27. bxa4 Rhc8 28. Qb7 R8c7 29. Qb4+ Rc4 30. Qe1+ Kd5 31. Qa5+ Ke6 32. Re1 e4 33. h3 Nd5 34. Qa8 Rc8 35. Qxc8+ Rxc8 36. Rxe4+ Kf5 37. Re2 Nc3 38. Re7 Nxa4 39. Rxg7 h5 40. h4 Rxc2 41. Rg5+ Kf6 42. Rxh5 Ra2 43. Bd6 Nb6 44. Rg5 Nc4 45. Bg3 Nd2 46. Rd5 Ne4 47. Kh2 Ra3 1/2-1/2

[Event "24th Klatovy B 2016"]
[Site "Klatovy CZE"]
[Date "2016.07.02"]
[Round "1.21"]
[White "Kasik, Miroslav"]
[Black "Sedlak, Jakub"]
[Result "1/2-1/2"]
[WhiteElo "1768"]
[BlackElo "1457"]
[PlyCount "41"]
[EventDate "2016.07.02"]
[EventType "swiss"]
[EventRounds "9"]
[EventCountry "CZE"]

1. e4 e6 2. d4 d5 3. Nd2 Nf6 4. e5 Nfd7 5. Bd3 c5 6. c3 Nc6 7. Ndf3 cxd4 8. cxd4 f6 9. exf6 Nxf6 10. Ne2 Bd6 11. O-O O-O 12. a3 Qc7 13. Qc2 h6 14. b4 e5 15. dxe5 Nxe5 16. Nxe5 Qxc2 17. Bxc2 Bxe5 18. Rb1 Be6 19. Bf4 Ng4 20. Bxe5 Nxe5 21. Bb3 1/2-1/2

[Event "24th Klatovy B 2016"]
[Site "Klatovy CZE"]
[Date "2016.07.02"]
[Round "1.22"]
[White "Flajsman, Zdenek"]
[Black "Vavrousek, Petr"]
[Result "0-1"]
[WhiteElo "1457"]
[BlackElo "1763"]
[PlyCount "58"]
[EventDate "2016.07.02"]
[EventType "swiss"]
[EventRounds "9"]
[EventCountry "CZE"]

1. e4 c5 2. Nf3 Nc6 3. d4 cxd4 4. Nxd4 g6 5. Nc3 Bg7 6. Nb3 Nf6 7. Bf4 O-O 8. Be2 d6 9. Rb1 Bd7 10. O-O Rc8 11. a3 Ne8 12. Qd2 Ne5 13. Bh6 Nc4 14. Bxc4 Rxc4 15. Bxg7 Nxg7 16. f3 Ne6 17. Nd5 Re8 18. Rf2 Ba4 19. Na5 Rxc2 20. Qb4 Rxf2 21. Kxf2 Nc5 22. Kg1 Bc6 23. Rd1 e6 24. Nxc6 bxc6 25. Nc3 Qc7 26. Qd4 Qb6 27. Qxd6 Nxe4+ 28. Qd4 Nxc3 29. bxc3 Rd8 0-1

[Event "24th Klatovy B 2016"]
[Site "Klatovy CZE"]
[Date "2016.07.02"]
[Round "1.23"]
[White "Chmelik, Ladislav"]
[Black "Kubat, Ladislav"]
[Result "0-1"]
[WhiteElo "1762"]
[BlackElo "1435"]
[PlyCount "88"]
[EventDate "2016.07.02"]
[EventType "swiss"]
[EventRounds "9"]
[EventCountry "CZE"]

1. e4 e5 2. Nf3 d6 3. d4 Nd7 4. Bc4 c6 5. O-O Be7 6. Nc3 Ngf6 7. h3 O-O 8. Be3 b5 9. Bd3 Bb7 10. a4 a6 11. axb5 axb5 12. Qd2 Qc7 13. d5 b4 14. Ne2 c5 15. b3 Ra5 16. Rxa5 Qxa5 17. Ng3 g6 18. Bh6 Ra8 19. Nf5 Qd8 20. Nxe7+ Qxe7 21. Nh2 Kh8 22. Bg5 Qe8 23. f4 Ba6 24. Bxa6 Rxa6 25. fxe5 Qxe5 26. Nf3 Qxe4 27. Bxf6+ Nxf6 28. Ng5 Qe7 29. Qf2 Kg7 30. Qh4 Ra7 31. Re1 Qd7 32. Kh1 Qf5 33. Ne4 Nxe4 34. Qxe4 Qxe4 35. Rxe4 Ra1+ 36. Kh2 Rd1 37. c4 bxc3 38. Rc4 Rxd5 39. Rxc3 Rd4 40. g4 f5 41. Kg3 h6 42. gxf5 gxf5 43. Kf3 Kg6 44. Re3 Kg5 0-1

[Event "24th Klatovy B 2016"]
[Site "Klatovy CZE"]
[Date "2016.07.02"]
[Round "1.24"]
[White "Ret, Adam Josef"]
[Black "Kovarova, Oxana"]
[Result "0-1"]
[WhiteElo "1427"]
[BlackElo "1759"]
[PlyCount "60"]
[EventDate "2016.07.02"]
[EventType "swiss"]
[EventRounds "9"]
[EventCountry "CZE"]

1. d4 f5 2. c4 e6 3. Nf3 Nf6 4. Nc3 Nc6 5. e3 Bb4 6. Bd3 d5 7. Qc2 Ne4 8. O-O O-O 9. a3 Bxc3 10. bxc3 Ne7 11. Bb2 Ng6 12. cxd5 exd5 13. c4 c6 14. Rac1 Be6 15. Rfd1 Nd6 16. cxd5 Bxd5 17. Ne5 Qg5 18. f4 Qh6 19. Nc4 Ne4 20. Nd2 Nd6 21. a4 Nh4 22. Bf1 Rf6 23. Nc4 Nxg2 24. Bxg2 Nxc4 25. Bxd5+ cxd5 26. Rd3 Qh3 27. e4 Rg6+ 28. Kh1 Ne3 29. Qe2 Rg2 30. Qh5 Rxh2+ 0-1

[Event "24th Klatovy B 2016"]
[Site "Klatovy CZE"]
[Date "2016.07.02"]
[Round "1.25"]
[White "Novotny, David"]
[Black "Kresl, Filip"]
[Result "1-0"]
[WhiteElo "1758"]
[BlackElo "1365"]
[PlyCount "57"]
[EventDate "2016.07.02"]
[EventType "swiss"]
[EventRounds "9"]
[EventCountry "CZE"]

1. d4 d5 2. c4 e6 3. Nc3 Nf6 4. Bg5 Be7 5. Nf3 Nbd7 6. cxd5 exd5 7. e3 c6 8. Bd3 h6 9. Bh4 O-O 10. O-O b6 11. Qa4 Bb7 12. b4 Re8 13. Rfc1 a5 14. b5 c5 15. Ne2 c4 16. Bf5 g6 17. Bxd7 Qxd7 18. Ne5 Qd6 19. Bg3 Qb4 20. Qc2 Qxb5 21. Nxg6 Ne4 22. Ne5 Bd6 23. Rab1 Qa6 24. Nd7 Ba3 25. Rxb6 Qa7 26. Rcb1 Ba6 27. Nf6+ Nxf6 28. Rxf6 Kg7 29. Be5 1-0

[Event "24th Klatovy B 2016"]
[Site "Klatovy CZE"]
[Date "2016.07.02"]
[Round "1.26"]
[White "Vavrinkova, Anna"]
[Black "Cipera, Josef"]
[Result "0-1"]
[WhiteElo "1364"]
[BlackElo "1756"]
[PlyCount "82"]
[EventDate "2016.07.02"]
[EventType "swiss"]
[EventRounds "9"]
[EventCountry "CZE"]

1. e4 g6 2. d4 Bg7 3. Nf3 d6 4. Nc3 Nf6 5. h3 O-O 6. Bc4 c6 7. O-O b5 8. Bd3 Bb7 9. Re1 Nbd7 10. Bf4 Nb6 11. Qe2 b4 12. Nd1 c5 13. d5 Rc8 14. c3 a5 15. Rc1 Ra8 16. Qc2 Qd7 17. b3 Rfc8 18. c4 a4 19. Ne3 axb3 20. Qxb3 Ra3 21. Qc2 Rca8 22. Re2 Nh5 23. Bh2 Bh6 24. Ra1 Na4 25. Nd1 Bc8 26. Nd2 Bg7 27. Rc1 Nb6 28. Nb1 R3a6 29. Qb3 Qa7 30. Rcc2 Bd7 31. Nb2 Rxa2 32. Rcd2 Ra1 33. Re1 Bc3 34. Ree2 Bxd2 35. Rxd2 Ba4 36. Nxa4 Qxa4 37. Qb2 Ra2 38. Qc1 Rxd2 39. Qxd2 Qb3 40. Kf1 Ra2 41. Qe3 Qd1+ 0-1